[Event "Wch-ch U08 Girls rapid"]
[Site "Minsk"]
[Date "2019.08.17"]
[Round "7"]
[White "Matskevich, Varvara"]
[Black "Olimova, Rukiya"]
[Result "1-0"]
[WhiteElo "1108"]
[BlackElo "1205"]
[PlyCount "155"]
[EventDate "2019.08.16"]
[EventType "swiss (rapid)"]
[EventRounds "9"]
[EventCountry "BLR"]
[SourceTitle "EXT 2020"]
[Source "ChessBase"]
[SourceDate "2019.10.17"]
[SourceVersion "1"]
[SourceVersionDate "2019.10.17"]
[SourceQuality "1"]

1. e4 c6 2. Nc3 d5 3. Nf3 d4 4. Ne2 c5 5. Nf4 Nc6 6. Bc4 e5 7. Ne2 a6 8. a4 Bd6 9. d3 h6 10. Ng3 Nf6 11. h3 0-0 12. 0-0 Be6 13. Bxe6 fxe6 14. Bd2 Qe8 15. Re1 Nh5 16. Nxh5 Qxh5 17. Qe2 Rf6 18. Rac1 Raf8 19. Nxd4 Qxe2 20. Nxe2 Rxf2 21. Be3 R2f6 22. c3 Rg6 23. Kh1 Be7 24. Rcd1 Bh4 25. Rf1 b6 26. d4 exd4 27. cxd4 cxd4 28. Rxf8+ Kxf8 29. Nxd4 e5 30. Nf5 Bd8 31. Nd6 Rg3 32. Nf5 Rg6 33. Rd7 b5 34. axb5 axb5 35. Rb7 b4 36. Bc5+ Kg8 37. Bxb4 Nxb4 38. Rxb4 Bf6 39. Rb8+ Kh7 40. Kg1 Rg5 41. Kf2 g6 42. Rb7+ Kh8 43. Nxh6 Rh5 44. Ng4 Bg7 45. Rb6 Rg5 46. Kf3 Kh7 47. Re6 Kh8 48. b4 Kh7 49. b5 Bf8 50. Rxe5 Rxe5 51. Nxe5 Bd6 52. Nc6 Bc5 53. e5 Kg7 54. Ke4 Kf7 55. Kd5 Bb6 56. Kd6 Ke8 57. e6 Be3 58. Kc7 Bf4+ 59. Kc8 Be3 60. Kb7 Bc5 61. b6 g5 62. Kc7 Bxb6+ 63. Kxb6 Kf8 64. Kc5 Ke8 65. Kd5 Kf8 66. Kd6 Ke8 67. e7 g4 68. hxg4 Kf7 69. Kd7 Kf6 70. e8Q Kg5 71. Ke6 Kxg4 72. Ne5+ Kg3 73. Qg6+ Kf2 74. Kd5 Ke1 75. Kd4 Kd1 76. Ke3 Kc1 77. Nc4 Kd1 78. Qb1# 1-0

[Event "Wch-ch U08 Girls rapid"]
[Site "Minsk"]
[Date "2019.08.17"]
[Round "8"]
[White "Olimova, Rukiya"]
[Black "Dandish, Izabella"]
[Result "1-0"]
[WhiteElo "1205"]
[BlackElo "1099"]
[PlyCount "97"]
[EventDate "2019.08.16"]
[EventType "swiss (rapid)"]
[EventRounds "9"]
[EventCountry "BLR"]
[SourceTitle "EXT 2020"]
[Source "ChessBase"]
[SourceDate "2019.10.17"]
[SourceVersion "1"]
[SourceVersionDate "2019.10.17"]
[SourceQuality "1"]

1. d4 d5 2. Bf4 Nf6 3. e3 Bf5 4. Bd3 Bxd3 5. cxd3 e6 6. Nc3 a6 7. Rc1 Bb4 8. Qa4+ Nc6 9. Nf3 b5 10. Qb3 0-0 11. 0-0 Rb8 12. a3 Bxc3 13. Rxc3 Qd7 14. Rfc1 Rb6 15. Qc2 Nd8 16. Rxc7 Qe8 17. Qc5 Rb8 18. Qa7 Nc6 19. R1xc6 Ra8 20. Qc5 Nd7 21. Qc1 Kh8 22. Ne5 Nxe5 23. Bxe5 f6 24. Bd6 Rg8 25. Re7 Qd8 26. Rxe6 Rc8 27. Rxc8 Qxc8 28. Qxc8 Rxc8 29. Bc5 h6 30. Rxa6 Kh7 31. Rb6 Kg6 32. Rxb5 Kg5 33. a4 Ra8 34. a5 g6 35. b4 f5 36. Be7+ Kg4 37. Rxd5 g5 38. h3+ Kh5 39. Rxf5 Re8 40. Bc5 Ra8 41. d5 Rd8 42. a6 Ra8 43. a7 Rd8 44. Rf8 Rxd5 45. a8Q Kh4 46. Qxd5 Kh5 47. Rh8 Kg6 48. Qe6+ Kg7 49. Bd4# 1-0

[Event "Wch-ch U08 Girls rapid"]
[Site "Minsk"]
[Date "2019.08.17"]
[Round "5"]
[White "Tong, Thai Hoang An"]
[Black "Olimova, Rukiya"]
[Result "0-1"]
[WhiteElo "1209"]
[BlackElo "1205"]
[PlyCount "114"]
[EventDate "2019.08.16"]
[EventType "swiss (rapid)"]
[EventRounds "9"]
[EventCountry "BLR"]
[SourceTitle "EXT 2020"]
[Source "ChessBase"]
[SourceDate "2019.10.17"]
[SourceVersion "1"]
[SourceVersionDate "2019.10.17"]
[SourceQuality "1"]

1. e4 c6 2. d4 d5 3. e5 Bf5 4. h4 Nd7 5. g4 Be6 6. f4 g6 7. Bd3 Nb6 8. f5 Bd7 9. Nf3 Qc8 10. 0-0 gxf5 11. gxf5 Bxf5 12. Bxf5 Qxf5 13. Ng5 Qg6 14. Rxf7 h5 15. Kh2 Nh6 16. Rf1 Ng4+ 17. Kh1 Bh6 18. Qf3 Rf8 19. Qg2 Rxf1+ 20. Qxf1 Bxg5 21. Bxg5 Qe4+ 22. Qg2 Qe1+ 23. Qg1 Qe4+ 24. Qg2 Qxd4 25. Nc3 Qxe5 26. Rf1 0-0-0 27. Bf4 Qd4 28. Qg3 Rf8 29. Rd1 Qxf4 30. Qxf4 Rxf4 31. Re1 e5 32. Ne2 Re4 33. Kg1 Kd7 34. Kf1 Ne3+ 35. Kf2 Nxc2 36. Rg1 Rxh4 37. Rg7+ Kc8 38. Rg8+ Kc7 39. Rg7+ Nd7 40. Rg2 Nd4 41. Ng3 Rf4+ 42. Ke3 h4 43. Ne2 Nxe2 44. Kxe2 Nc5 45. Rg7+ Kb6 46. Rh7 a5 47. Rh5 e4 48. Ke3 Nd3 49. b3 Rf3+ 50. Ke2 Nf4+ 51. Kd2 Nxh5 52. Kc2 h3 53. Kd2 h2 54. Kc2 h1Q 55. Kb2 Rf2+ 56. Ka3 Qc1+ 57. Ka4 Rxa2# 0-1

[Event "Wch-ch U08 Girls rapid"]
[Site "Minsk"]
[Date "2019.08.16"]
[Round "4"]
[White "Olimova, Rukiya"]
[Black "Izafatava, Kira"]
[Result "1-0"]
[WhiteElo "1205"]
[BlackElo "1111"]
[PlyCount "67"]
[EventDate "2019.08.16"]
[EventType "swiss (rapid)"]
[EventRounds "9"]
[EventCountry "BLR"]
[SourceTitle "EXT 2020"]
[Source "ChessBase"]
[SourceDate "2019.10.17"]
[SourceVersion "1"]
[SourceVersionDate "2019.10.17"]
[SourceQuality "1"]

1. d4 Nf6 2. Bf4 e6 3. e3 d5 4. Bd3 c5 5. c3 Nc6 6. Nf3 Bd7 7. h3 Qb6 8. b3 Be7 9. Nbd2 0-0 10. 0-0 Qa5 11. Qc2 b5 12. dxc5 b4 13. c4 Qxc5 14. Rac1 d4 15. exd4 Nxd4 16. Nxd4 Qxd4 17. Be3 Qd6 18. Rfd1 Qc7 19. Nf3 Bc6 20. Nd4 Qb7 21. Nxc6 Qxc6 22. Bd4 Rfd8 23. Bxf6 Bxf6 24. Be4 Qc7 25. Bxa8 Rxa8 26. Qe4 Rd8 27. Rxd8+ Qxd8 28. Qe2 Bg5 29. Rd1 Qc7 30. Qd3 a5 31. Qd7 Qb8 32. Qb5 Qa8 33. Rd6 Bd8 34. Qe8# 1-0

[Event "Wch U08 Girls rapid"]
[Site "Minsk"]
[Date "2018.06.23"]
[Round "9"]
[White "Zubkovskaya, Ekaterina"]
[Black "Olimova, Rukiya"]
[Result "1-0"]
[WhiteElo "1350"]
[BlackElo "1218"]
[PlyCount "103"]
[EventDate "2018.06.22"]
[EventType "swiss (rapid)"]
[EventRounds "9"]
[EventCountry "BLR"]
[SourceTitle "EXT 2019"]
[Source "ChessBase"]
[SourceDate "2018.10.10"]
[SourceVersion "1"]
[SourceVersionDate "2018.10.10"]
[SourceQuality "1"]

1. e4 d6 2. d4 Nf6 3. Nc3 g6 4. Nf3 Bg7 5. Bg5 Nbd7 6. Bc4 0-0 7. 0-0 h6 8. Bh4 c6 9. Bb3 b5 10. Re1 a5 11. a4 b4 12. Na2 Bb7 13. Nc1 c5 14. d5 Rc8 15. Bc4 Nb6 16. Bb5 Nh5 17. Rb1 Nf4 18. Qd2 g5 19. Bg3 Ng6 20. Nb3 c4 21. Nbd4 c3 22. bxc3 bxc3 23. Qd3 Nd7 24. Bc6 Bxc6 25. Nxc6 Nc5 26. Qd1 Qd7 27. e5 Nxa4 28. exd6 exd6 29. Nxa5 Nb2 30. Qc1 Qb5 31. Nb3 Qxd5 32. Qe3 Rfe8 33. Qb6 Rxe1+ 34. Rxe1 Qc6 35. Qb4 Bf8 36. Nfd4 Qd7 37. Qa5 Qc7 38. Qf5 Nc4 39. Ne6 fxe6 40. Qxg6+ Bg7 41. Qxe6+ Qf7 42. Qxc8+ Kh7 43. Qd8 Na3 44. Na1 Nc4 45. h3 Nd2 46. Re7 Qa2 47. Re1 Nc4 48. Qe7 Na3 49. Qe4+ Kh8 50. Qa4 Qb2 51. Re8+ Kh7 52. Qe4# 1-0